000 00510nam a2200181Ia 4500
005 20250423095102.0
008 250422s9999 xx 000 0 und d
020 _a0-89089-620-8
050 _aKM 30 .L4/
100 _aLevasseur, Alain A.
245 0 _aDocuments supplement : for Law of the European Union: a new constitutional order
260 _aDurham, North Carrolina
260 _bCarolina Academic Press
260 _c2001
300 _a430 p
650 _aCitizenship of the Union
942 _cBK
999 _c29195
_d29195